The Agiryama of Kenya, (Record no. 128783)
[ view plain ]
| 000 -LEADER | |
|---|---|
| fixed length control field | 01121cam a2200301 4500 |
| 001 - CONTROL NUMBER | |
| control field | 3123862 |
| 003 - CONTROL NUMBER IDENTIFIER | |
| control field | ARRUPE |
| 005 - DATE AND TIME OF LATEST TRANSACTION | |
| control field | 20190121121636.0 |
| 008 - FIXED-LENGTH DATA ELEMENTS--GENERAL INFORMATION | |
| fixed length control field | 680301s1967 enkbf b 000 0 eng |
| 010 ## - LIBRARY OF CONGRESS CONTROL NUMBER | |
| LC control number | 68080396 |
| 015 ## - NATIONAL BIBLIOGRAPHY NUMBER | |
| National bibliography number | B67-10979 |
| 040 ## - CATALOGING SOURCE | |
| Original cataloging agency | DLC |
| Transcribing agency | DLC |
| Modifying agency | DLC |
| 050 ## - LIBRARY OF CONGRESS CALL NUMBER | |
| Classification number | SPC. DT434.E242 C5 |
| 082 00 - DEWEY DECIMAL CLASSIFICATION NUMBER | |
| Classification number | 390 |
| 300 ## - PHYSICAL DESCRIPTION | |
| Other physical details | 5 plates (incl. map). |
| Dimensions | 25 cm. |
| 100 1# - MAIN ENTRY--PERSONAL NAME | |
| Personal name | Champion, Arthur Mortimer. |
| 9 (RLIN) | 44033 |
| 245 14 - TITLE STATEMENT | |
| Title | The Agiryama of Kenya, |
| Statement of responsibility, etc | by Arthur M. Champion; edited by John Middleton. |
| 260 ## - PUBLICATION, DISTRIBUTION, ETC. (IMPRINT) | |
| Place of publication, distribution, etc | London, |
| Name of publisher, distributor, etc | Royal Anthropological Institute, |
| Date of publication, distribution, etc | 1967. |
| 300 ## - PHYSICAL DESCRIPTION | |
| Extent | viii, 56 p. |
| 350 ## - PRICE (NR) (BK AM CF MU VM SE) [OBSOLETE] | |
| Price | 30/- |
| 490 1# - SERIES STATEMENT | |
| Series statement | Royal Anthropological Institute of Great Britain and Ireland. Occasional Papers, |
| Volume number/sequential designation | no. 25 |
| 504 ## - BIBLIOGRAPHY, ETC. NOTE | |
| Bibliography, etc | Bibliography: p. 56. |
| 650 #0 - SUBJECT ADDED ENTRY--TOPICAL TERM | |
| Topical term or geographic name as entry element | Giryama (African people) |
| 9 (RLIN) | 31079 |
| 700 1# - ADDED ENTRY--PERSONAL NAME | |
| Personal name | Middleton, John, |
| Dates associated with a name | 1921- |
| Relator term | ed. |
| 9 (RLIN) | 18313 |
| 830 #0 - SERIES ADDED ENTRY--UNIFORM TITLE | |
| Uniform title | Occasional paper (Royal Anthropological Institute of Great Britain and Ireland) ; |
| Volume number/sequential designation | no. 25. |
| 9 (RLIN) | 44034 |
| 906 ## - LOCAL DATA ELEMENT F, LDF (RLIN) | |
| a | 7 |
| b | cbc |
| c | orignew |
| d | u |
| e | ncip |
| f | 19 |
| g | y-gencatlg |
| 942 ## - ADDED ENTRY ELEMENTS (KOHA) | |
| Source of classification or shelving scheme | Library of Congress Classification |
| Koha item type | SPC |
| Withdrawn status | Lost status | Source of classification or shelving scheme | Damaged status | Not for loan | Collection code | Home library | Current library | Shelving location | Date acquired | Total Checkouts | Full call number | Barcode | Date last seen | Price effective from | Koha item type |
|---|---|---|---|---|---|---|---|---|---|---|---|---|---|---|---|
| Library of Congress Classification | SPECIAL Collection | ARRUPE LIBRARY | ARRUPE LIBRARY | REFERENCE | 21/01/2019 | SPC. DT434.E242 C5 | 46600002420 | 21/01/2019 | 21/01/2019 | SPC |